History Quiz

Random History or Nation Quiz

Subcategory Multiple Choice: History II Quiz Stats

 Plays Quiz Updated May 27, 2017

Challenge
Share
Tweet
Embed
Score 0/11 Timer 04:00
0 Plays Today
Question Answer Wrong Answers
Biography
What is the name of Adolf Hitler's infamous autobiography?
Mein Kampf
94.2%
Der Wahre Held
0.8%
Deutschlands Zukunft
1%
Die Jüdische Bedrohung
0.9%
Discovery
What scientist is well known for 'discovering' gravity?
Isaac Newton
93%
Albert Einstein
1.7%
Galileo Galilei
2.9%
Aristotle
0.4%
Decade
In which decade were JFK, MLK, and Malcolm X all assassinated?
1960s
93%
1950s
1.6%
1970s
2.5%
1940s
0.4%
War
Which of these countries was considered part of the Axis in World War II?
Japan
91.3%
France
2.1%
United Kingdom
2.5%
China
1.6%
US Presidents
Who is the only president to serve more than two terms?
Franklin D. Roosevelt
86.7%
Abraham Lincoln
2.8%
Ronald Reagan
2.9%
George Washington
7.5%
World Leaders
Who is the current prime minister of the United Kingdom?
Theresa May
85.1%
Tony Blair
3.1%
Gordon Brown
2.7%
David Cameron
8.1%
Art
Who painted 'The Starry Night'?
Vincent van Gogh
83%
Pablo Picasso
4.2%
Salvador Dali
3.2%
Claude Monet
6.4%
Nation
Which African nation gained independence from France in 1962?
Algeria
81.8%
Kenya
5.8%
Ethiopia
6.8%
South Africa
3.9%
Politics
How many electoral votes are needed to become president of the United States?
270
73.1%
300
3.7%
538
7.7%
322
14.2%
Year
What important American document was put into effect in 1789?
US Constitution
64.8%
Declaration of Independence
22.1%
Articles of Confederation
6.5%
Monroe Doctrine
3.8%
Century
Which of these famous Americans was not alive during the 19th century?
Charles Lindbergh
41.1%
Thomas Edison
7.1%
John Adams
32.4%
William Randolph Hearst
16.5%

You're not logged in!

Compare scores with friends on all Sporcle quizzes.
Join for Free
OR
Log In

You Might Also Like...

Show Comments

Extras

Top Quizzes Today


Score Distribution

Your Account Isn't Verified!

In order to create a playlist on Sporcle, you need to verify the email address you used during registration. Go to your Sporcle Settings to finish the process.

Report this User

Report this user for behavior that violates our Community Guidelines.

Details: